00868nam a2200241 a 450000100100000000500170001000800410002704000250006808200150009310000300010824500720013824600310021026000380024130000200027959000250029965000240032465000280034870000310037671000520040791000370045995201130049699900170060900004314920201002040656.0140220s2004 dr a 000 0 spa d aDO-SdBNPbspacBNPHU a004bS232c1 aSantana, Elizabeth97070910aCajero nivel computarizado /cElizabet Santana, Rafael Rodríguez.14aCajero nivel computarizado aSanto Domingo :bCENTU,c[199-?]. a24 p. ;c28 cm. aInventariado,2018/DG 4aInformática95660 4aMicrocomputadores9611112aRodríguez, Rafael9707102 aCentro de Tecnología Universal (CENTU)970701 aValidado. Control de calidad EMS 0010718PDaPDbPDcHDd2014-02-20iLF1l0o004 S232cp43149-10r2020-06-25w2020-06-25yLFPDZNo se presta c42638d42638